000 00384 a2200169 4500
001 186509
020 _a85-356-0369-7
040 _cMagnum
100 _aBraz, Emílio Júlio
240 1 0 _aMemórias de uma bola de natal
_lpor
245 1 0 _aMemórias de uma bola de natal
300 _a22
362 0 _a2000
440 1 _aPaulinas
697 _aLITERATURA INFANTO
942 _cBK
999 _c186509
_d186509